000 00811nam a2200181 a 4500
008 210303s2012 ||||||||||||||||| || u
020 _a9785883370914
050 _aPG 2900 Ale
100 _aKuzhimich, I.P
245 1 0 _aMissing plots: book on reading for foreigners studying Russian language
_cA.S Aleksandrova; I.P Kuzhimich; T.I Melentieva
260 _aMoscow
_c2012
300 _a246 pages
650 _aRUSSIAN LITERATURE
700 _aMelentieva, T.I
700 _aAleksandrova, A.S
995 _aMAIN LIBRARY OPEN ACCESS
_e750871
_FCBU-MAIN LIBRARY (Kitwe)
_jPG 2900 Ale
_M1
_UAVAILABLE
_WMar 3, 2021
_y750871
_ZMain Library Open Access Collection
995 _aMAIN LIBRARY OPEN ACCESS
_e750872
_FCBU-MAIN LIBRARY (Kitwe)
_jPG 2900 Ale
_M2
_UAVAILABLE
_WMar 3, 2021
_y750872
_ZMain Library Open Access Collection
999 _c77699
_d77699